<?xml version="1.0" encoding="UTF-8"?><?xml-stylesheet type="text/xsl" href="static/style.xsl"?><OAI-PMH xmlns="http://www.openarchives.org/OAI/2.0/" xmlns:xsi="http://www.w3.org/2001/XMLSchema-instance" xsi:schemaLocation="http://www.openarchives.org/OAI/2.0/ http://www.openarchives.org/OAI/2.0/OAI-PMH.xsd"><responseDate>2026-04-17T18:53:52Z</responseDate><request verb="GetRecord" identifier="oai:www.recercat.cat:20.500.12694/7084" metadataPrefix="marc">https://recercat.cat/oai/request</request><GetRecord><record><header><identifier>oai:recercat.cat:20.500.12694/7084</identifier><datestamp>2025-12-18T12:09:43Z</datestamp><setSpec>com_2072_179042</setSpec><setSpec>col_2072_484474</setSpec></header><metadata><record xmlns="http://www.loc.gov/MARC21/slim" xmlns:dcterms="http://purl.org/dc/terms/" xmlns:xsi="http://www.w3.org/2001/XMLSchema-instance" xmlns:doc="http://www.lyncode.com/xoai" xsi:schemaLocation="http://www.loc.gov/MARC21/slim http://www.loc.gov/standards/marcxml/schema/MARC21slim.xsd">
   <leader>00925njm 22002777a 4500</leader>
   <datafield ind2=" " ind1=" " tag="042">
      <subfield code="a">dc</subfield>
   </datafield>
   <datafield ind2=" " ind1=" " tag="720">
      <subfield code="a">Mestres Qué, Jordi</subfield>
      <subfield code="e">author</subfield>
   </datafield>
   <datafield ind2=" " ind1=" " tag="260">
      <subfield code="c">2011-12-16</subfield>
   </datafield>
   <datafield ind2=" " ind1=" " tag="520">
      <subfield code="a">Aquest projecte porta al terreny escrit la necessitat d’ordenar i plasmar la tècnica de la interpretació de la gralla. Es mostren des dels conceptes més elementals fins a les últimes novetats interpretatives, sempre tenint en compte que continuen evolucionant. Aprofitant el vincle del concert amb la música contemporània i la seva exigència tècnica, es descriuen recursos com les articulacions, les dinàmiques, els harmònics i altres tècniques que actualment s’usen en la interpretació de la gralla. És un punt de trobada per a qualsevol que estigui interessat en aquest instrument tradicional, sigui aficionat o músic. També inclou una petita informació sobre les obres que es interpreten al concert final.</subfield>
   </datafield>
   <datafield ind2=" " ind1=" " tag="520">
      <subfield code="a">Este proyecto traslada al terreno escrito la necesidad de ordenar y plasmar la técnica de la interpretación de la gralla. Se muestran desde los conceptos más elementales hasta las últimas novedades interpretativas, siempre teniendo en cuenta que continúan evolucionando. Aprovechando el vínculo del concierto con la música contemporánea y su exigencia técnica, se describen recursos como las articulaciones, las dinámicas, los armónicos y otras técnicas que actualmente se usan en la interpretación de la gralla. Es un punto de encuentro para cualquiera que esté interesado en este instrumento tradicional, ya sea aficionado o músico. También incluye una pequeña información sobre las obras que se van a interpretar en el concierto final.</subfield>
   </datafield>
   <datafield ind2=" " ind1=" " tag="520">
      <subfield code="a">The main goal of this project is to put on paper the techniques to play the gralla, from the basics to the latest innovations, as these techniques are constantly developing. Taking into account the relationship between the concert and contemporary music and its technical requirements, several resources are described, such as articulations, dynamics, and harmonics, used today to perform the gralla. This project is the meeting point for those who are interested in this traditional instrument, whether amateurs or professional musicians. It also includes additional information on the pieces performed in the final concert.</subfield>
   </datafield>
   <datafield ind1="8" ind2=" " tag="024">
      <subfield code="a">http://hdl.handle.net/20.500.12694/7084</subfield>
   </datafield>
   <datafield tag="653" ind2=" " ind1=" ">
      <subfield code="a">TFG Música tradicional</subfield>
   </datafield>
   <datafield tag="653" ind2=" " ind1=" ">
      <subfield code="a">Gralla, Música per a--Interpretació (Fraseig, dinàmica, etc.)</subfield>
   </datafield>
   <datafield tag="653" ind2=" " ind1=" ">
      <subfield code="a">Música folklòrica</subfield>
   </datafield>
   <datafield ind2="0" ind1="0" tag="245">
      <subfield code="a">La gralla contemporània</subfield>
   </datafield>
</record></metadata></record></GetRecord></OAI-PMH>